Statistics for Finland A-Z

Click here to take the quiz!

General Stats

  • This quiz has been taken 733 times
  • The average score is 17 of 24

Answer Stats

HintAnswer% Correct
HCapital cityHelsinki
97%
RCountry to the eastRussia
96%
ECurrencyEuro
95%
NMobile phone corporationNokia
94%
STraditional steam bathSauna
92%
OEvent H hosted in 1952Olympics
91%
IMost popular sportIce Hockey
90%
GWWII ally of FinlandGermany
89%
LEthno-linguistic region in the northLapland
82%
WWar fought against the USSR in 1940{Winter} War
78%
DLapphund, Spitz, Laika etc.Dogs
74%
ASwedish-speaking island chain{Åland} Islands
70%
ZÄhtäri is Finland oldest what?Zoo
67%
KRegion partly lost to USSR after WKarelia
59%
BBordering gulf to the westBothnia
56%
FMost famous poem of Jean SibeliusFinlandia
56%
MCurrency prior to EMarkka
56%
PEduskunta or RiksdagParliament
54%
Y"One" in FinnishYksi
53%
CMythical person that lives in LSanta Claus
52%
VMajor city right north of HVantaa
51%
ULanguage family of FinnishUralic
46%
JSecond-biggest inland cityJyväskylä
45%
TCreator of the Linux operating systemLinus Torvalds
31%

Score Distribution

Percentile by Number Answered

Percent of People with Each Score

Your Score History

You have not taken this quiz